000 00770nam a2200253Ia 4500
003 OSt
005 20220918170221.0
006 a|||||r|||| 00| 0
007 ta
008 220917b |||||||| |||| 00| 0 eng d
020 _a978 90 04 21148 3 (hbk)
_c5210.25
024 _a255,866
037 _b33469, 14/11/2011, Segment Book Distributors
_cTextual
040 _aARTS
_cARTS
_beng
041 _2eng
_aeng
082 _aO28:g(S:52), J6
100 _aRosenthal Franz
_927746
245 0 _aHumor in early islam
260 _aLeiden
_bBrill
_c2011
300 _axvi, 154p.
_ccm.
650 _aENGLISH LITERATURE
942 _hO28:g(S:52), J6
_cTEXL
_2CC
999 _c133156
_d133156